000 01225cam7a220033701 4500
001 lce01247139
008 791122s1976 onc b f000 0 eng d
010 _acn 80070067
015 _aC80-70067-8
020 _bpa.
035 _a(Sirsi) r59225
035 _a(DLC)cn 80070067
035 _a(UPRA)lce01247139
040 _aCaOONL
_beng
_cCaOONL
041 1 _aeng fre
_heng fre
043 _af------
082 _a674/.13
100 1 _aFortin, Yves, 1947-
_dFortin, Yves, 1947-
_6A18537.1
245 1 0 _aNatural durability and preservation of one hundred tropical African woods /
_cYves Fortin and Jean Poliquin.
260 _aOttawa :
_bInternational Development Research Centre,
_c1976.
500 _aUpdated translation of Durabilite naturelle et preservation de cent bois tropicaux africains.
500 _a"IDRC-017e".
500 _aChiefly tables.
500 _aIncludes abstract in French.
504 _aBibliography: 124-131.
700 1 _aPoliquin, Jean.
_6A18538.1
710 2 _aInternational Development Research Centre (Canada)
_6A1122.1
949 _aQK391
_wlcc
_i33729000342886
_mMAIN
_p2500
_tBOOK
_lON-SHELF
949 _aQK391
_wlcc
_i33729000320585
_mMAIN
_p2500
_tBOOK
_lON-SHELF
004 59225
999 _c158123
_d158123